Statistics for Coldest U.S. Cities Quiz

Click here to take the quiz!

General Stats

  • This quiz has been taken 36,749 times
    (8,863 since last reset)
  • The average score is 11 of 20

Answer Stats

TemperatureCity% Correct
51.4 °FChicago
89%
37.0 °FAnchorage
82%
46.2 °FMinneapolis
82%
50.4 °FDetroit
82%
51.5 °FBoston
78%
50.5 °FDenver
72%
47.9 °FMilwaukee
66%
48.4 °FBuffalo
66%
51.5 °FCleveland
64%
49.4 °FBoise
56%
51.3 °FPittsburgh
49%
46.5 °FMadison
47%
51.0 °FDes Moines
45%
48.2 °FRochester
37%
51.0 °FOmaha
37%
49.0 °FColorado Springs
31%
49.0 °FGrand Rapids
28%
48.1 °FSpokane
24%
50.4 °FToledo
21%
50.5 °FFort Wayne
11%

Score Distribution

Percentile by Number Answered

Percent of People with Each Score

Your Score History

You have not taken this quiz since the last reset